[Event "Wch Seniors 65 26th"]
[Site "Marianske Lazne"]
[Date "2016.11.24"]
[Round "6"]
[White "Siewert, Wolfgang"]
[Black "Brda, Vlastimil"]
[Result "1-0"]
[WhiteElo "1753"]
[BlackElo "1234"]
[PlyCount "120"]
[EventDate "2016.11.19"]
[EventType "swiss"]
[EventRounds "11"]
[EventCountry "CZE"]
[SourceTitle "CBM 175 Extra"]
[Source "ChessBase"]
[SourceDate "2016.12.12"]
[SourceVersion "1"]
[SourceVersionDate "2016.12.12"]
[SourceQuality "1"]

1. g3 c6 2. Bg2 g6 3. Nf3 Bg7 4. d3 Nf6 5. Nc3 d6 6. Bd2 Nbd7 7. Rb1 0-0 8. 0-0 Nc5 9. b4 Ne6 10. Qc1 Kh8 11. Bh6 Ng8 12. Bxg7+ Kxg7 13. Qb2 Nf6 14. a4 Nc7 15. b5 Bd7 16. Nd2 Nce8 17. Nc4 Kg8 18. b6 a6 19. a5 h6 20. Qc1 Kh7 21. e4 Nh5 22. f4 Rg8 23. Qe3 Nef6 24. h3 Qf8 25. Ne2 Qc8 26. Kh2 Ng7 27. Qf3 Ne6 28. d4 Ng7 29. Ne3 Rh8 30. c4 e6 31. e5 Nfe8 32. c5 d5 33. g4 Kg8 34. Ng3 Qd8 35. f5 exf5 36. gxf5 Kh7 37. fxg6+ fxg6 38. Ng4 Bxg4 39. Qxg4 Qe7 40. Rb3 Rg8 41. Rbf3 Qe6 42. Rf7 Qxg4 43. hxg4 Kh8 44. Rxb7 Ne6 45. Ne2 N8g7 46. Rf6 Nf8 47. Rxc6 Nfe6 48. Rd7 Rgb8 49. b7 Ra7 50. Rc8+ Kh7 51. Rxb8 h5 52. Ra8 Rxb7 53. Rxb7 Kh6 54. Bxd5 Kg5 55. Bxe6 Nxe6 56. gxh5 Kxh5 57. Kg3 Kg5 58. Re7 Kf5 59. Rxe6 Kxe6 60. Nf4+ Kf5 1-0

[Event "Wch Seniors 65 26th"]
[Site "Marianske Lazne"]
[Date "2016.11.23"]
[Round "5"]
[White "Brda, Vlastimil"]
[Black "Kasik, Miroslav"]
[Result "0-1"]
[WhiteElo "1234"]
[BlackElo "1779"]
[PlyCount "84"]
[EventDate "2016.11.19"]
[EventType "swiss"]
[EventRounds "11"]
[EventCountry "CZE"]
[SourceTitle "CBM 175 Extra"]
[Source "ChessBase"]
[SourceDate "2016.12.12"]
[SourceVersion "1"]
[SourceVersionDate "2016.12.12"]
[SourceQuality "1"]

1. e4 d5 2. exd5 Qxd5 3. Nc3 Qa5 4. Be2 Nf6 5. d3 c6 6. Bd2 Qd8 7. Bg5 Nbd7 8. Nf3 e6 9. d4 Be7 10. Ne5 0-0 11. 0-0 Nd5 12. Bxe7 Qxe7 13. Ne4 N7f6 14. Ng3 Rd8 15. c3 Nf4 16. Bf3 Qc7 17. Re1 Ng6 18. Nxg6 hxg6 19. Ne4 Nxe4 20. Bxe4 e5 21. Qb3 Be6 22. Qb4 exd4 23. cxd4 Rd6 24. Rac1 Rad8 25. Qa3 a6 26. Qg3 Qd7 27. d5 Bxd5 28. Bc2 Re6 29. Red1 Qe7 30. h3 Re8 31. f3 Re2 32. a3 Qc5+ 33. Kh2 Rxc2 34. Re1 Re6 35. Qb8+ Kh7 36. b4 Qf2 37. Rxc2 Qxe1 38. Qxb7 Qe5+ 39. Kh1 Qg3 40. Rc1 Re2 41. Rg1 Bxf3 42. Qxa6 Qxh3# 0-1

[Event "Wch Seniors 65 26th"]
[Site "Marianske Lazne"]
[Date "2016.11.22"]
[Round "4"]
[White "Baumann, Hanspeter"]
[Black "Brda, Vlastimil"]
[Result "1-0"]
[WhiteElo "1911"]
[BlackElo "1234"]
[PlyCount "67"]
[EventDate "2016.11.19"]
[EventType "swiss"]
[EventRounds "11"]
[EventCountry "CZE"]
[SourceTitle "CBM 175 Extra"]
[Source "ChessBase"]
[SourceDate "2016.12.12"]
[SourceVersion "1"]
[SourceVersionDate "2016.12.12"]
[SourceQuality "1"]

1. e4 d6 2. d4 Nd7 3. f4 c6 4. Bc4 g6 5. Nf3 e6 6. 0-0 Nb6 7. Bb3 Bg7 8. Qe2 Bd7 9. c3 h6 10. f5 g5 11. fxe6 fxe6 12. Ne1 h5 13. e5 Qe7 14. exd6 Qxd6 15. Bxg5 Ne7 16. Bf4 e5 17. dxe5 Qc5+ 18. Kh1 Nbd5 19. e6 Bc8 20. Be5 Bxe5 21. Qxe5 Ng6 22. Qg5 Nge7 23. c4 Qe3 24. Qg7 Rg8 25. Qf7+ Kd8 26. cxd5 cxd5 27. Qf2 Qxe6 28. Nc3 Bd7 29. Rd1 Qc6 30. Nf3 Kc7 31. Nd4 Qg6 32. Qg3+ Qxg3 33. hxg3 Rxg3 34. Rf7 1-0